书目信息 |
| 题名: |
化工过程综合实验
|
|
| 作者: | 王保国 编著 | |
| 分册: | ||
| 出版信息: | 北京 清华大学出版社 2004.10 |
|
| 页数: | 78页 | |
| 开本: | 23cm | |
| 丛书名: | ||
| 单 册: | ||
| 中图分类: | TQ02-33 | |
| 科图分类: | ||
| 主题词: | 化工过程--化学实验--高等学校--教材 | |
| 电子资源: | ||
| ISBN: | 7-302-09159-5 | |
| 000 | 00813nam0 2200229 450 | |
| 001 | 0111441240 | |
| 005 | 20050718090513.18 | |
| 010 | @a7-302-09159-5@dCNY10.00 | |
| 100 | @a20050317d2004 km y0chiy0120 ea | |
| 101 | 0 | @achi |
| 102 | @aCN@b110000 | |
| 105 | @aa a 000yy | |
| 200 | 1 | @a化工过程综合实验@Ahua gong guo cheng zong he shi yan@f王保国编著@Fwang bao guo bian zhu |
| 210 | @a北京@c清华大学出版社@d2004.10 | |
| 215 | @a78页@c图@d23cm | |
| 320 | @a有书目。 | |
| 330 | @a本书从化学工程学科发展对相关实验教育所提出的要求出发,重新构造教学内容框架,突出现代化学工程从单元技术研究向化学产品为对象的综合技术研究转变的特点。 | |
| 606 | 0 | @a化工过程@x化学实验@x高等学校@x教材 |
| 690 | @aTQ02-33@v4 | |
| 701 | 0 | @a王保国@Awang bao guo@4编著 |
| 801 | 0 | @aCN@bQSSK@c20050718 |
| 905 | @a10447@dTQ02-33@eW101 | |
| 化工过程综合实验/王保国编著.-北京:清华大学出版社,2004.10 |
| 78页:图;23cm |
| ISBN 7-302-09159-5:CNY10.00 |
| 本书从化学工程学科发展对相关实验教育所提出的要求出发,重新构造教学内容框架,突出现代化学工程从单元技术研究向化学产品为对象的综合技术研究转变的特点。 |
| ● |
| 相关链接 |
|
|
|
正题名:化工过程综合实验
索取号:TQ02-33/W101
 
预约/预借
| 序号 | 登录号 | 条形码 | 馆藏地/架位号 | 状态 | 备注 |
| 1 | 523030 | 205230301 | 自科二线504/504自科库 41排5列6层/ [索取号:TQ02-33/W101] | 在馆 | |
| 2 | 523031 | 205230310 | 自科库501/501自科库 137排7列4层/ [索取号:TQ02-33/W101] | 在馆 | |
| 3 | 523032 | 205230329 | 自科库501/501自科库 137排7列4层/ [索取号:TQ02-33/W101] | 在馆 |